00518nam a2200193Ia 4500001000700000003000500007008004100012010001100053040000900064100002600073245010500099260002900204300001000233440000500243500000500248503000500253650003900258650002700297Z_3142CHAP220113s19XX xx 000 0 und d a166251 cCHAP aBeetle, Alan Ackerman aLas gramíneas de México : clave para identificación de géneros /cpor Alan Ackerman Beetle a/s.l./ :b/s.e./,c19XX a35 h. a a a aGramíneasxClasificación I. t. aGramíneasxMéxico